| 000 | 00847cam a2200289 i 4500 | ||
|---|---|---|---|
| 001 | 000015485 | ||
| 003 | DO-SdBNP | ||
| 005 | 20260224093911.0 | ||
| 007 | ta | ||
| 008 | 830721s1924 sp a 000 0 spa | ||
| 020 | _a9683500463 | ||
| 035 | _a(DLC) 29004145 | ||
| 040 |
_aDO-SdBNP _bspa _cBNPHU _erda |
||
| 041 | _aspa | ||
| 049 | _aBNGR | ||
| 082 | 4 |
_a170 _bC993h _222 |
|
| 100 | 1 |
_aCuyás, Arturo, _d1845-1925 _eautor _4aut. _934976 |
|
| 245 | 1 | 0 |
_aHace falta un muchacho / _cArturo Cuyás ; ilustración, Juez. |
| 264 | 1 |
_aMéxico : _bUniverso, _c1924. |
|
| 300 |
_a408 páginas : _bilustraciones ; _c20 cm. |
||
| 336 |
_atexto _btxt _2rdacontent |
||
| 337 |
_asin mediación _bn _2rdamedia |
||
| 338 |
_avolumen _bnc _2rdacarrier |
||
| 650 | 7 |
_aConducta de vida _911947 _2LIBRUNAM |
|
| 910 | _aCatalogación derivada | ||
| 942 |
_2ddc _cLBS1 |
||
| 999 |
_c15041 _d15041 |
||